000 00910nam a2200277 a 4500
001 BRL_878
005 20190320210933.0
008 211013c1991----mx-a######---#000-0#sp--#
020 _a9686060030
041 _aspa
044 _amx
050 4 _aNK8714
_b.G36 1991
100 1 _aGámez, Ana Paulina
_93974
245 1 0 _aSombreros, tascales, sopladores y petates
_bcestería Michoacana
_c[Ana Paulina Gámez, investigadora ; José Ignacio González, Pablo Oseguera I., fotógrafos].
260 _aMéxico
_bFondo Cultural Bancen
_c1991
300 _a119 p.
_bil. a color
_c31 cm.
500 _aAu969
504 _aBibliografía : p. 118-119
650 1 4 _aTrabajo en paja
_zMéxico
_93975
650 1 4 _aArtesanías
_zMéxico
_93976
700 1 _aGonzález, José Ignacio
_eil.
_925224
700 1 _aOseguera I., Pablo
_eil.
_925225
700 1 _aGámez, Ana Paulina
_93974
902 _aGRL
942 _2lcc
_cB
999 _c9690
_d9690